[Event "RUS-chT 11th"]
[Site "Sochi"]
[Date "2004.04.24"]
[Round "5.2"]
[White "Aleksandrov, Aleksej"]
[Black "Vekshenkov, Nikolai"]
[Result "1-0"]
[WhiteElo "2668"]
[BlackElo "2462"]
[Annotator "Wells,P"]
[PlyCount "107"]
[EventDate "2004.04.20"]
[EventType "team-tourn"]
[EventRounds "9"]
[EventCountry "RUS"]
[SourceTitle "EXT 2020"]
[Source "ChessBase"]
[SourceDate "2019.10.17"]
[SourceVersion "1"]
[SourceVersionDate "2019.10.17"]
[SourceQuality "1"]
[WhiteTeam "Ekaterinburg Max Ven"]
[BlackTeam "Vladivostok Debiut-DVGU"]
[WhiteTeamCountry "RUS"]
[BlackTeamCountry "RUS"]

1. d4 Nf6 2. c4 e6 3. Nc3 Bb4 4. e3 c5 5. Nge2 d5 {If CBM 101 can be taken as
a good guide then Black has decided that this relatively straightforward line
- aiming for an IQP position at the expense of the bishop pair - is a decent
practical choice.} (5... cxd4 {is a less efficient move order to reach the IQP
since after} 6. exd4 d5 {white can also play} 7. c5 ({en extra incentive to
choose which is provided by the alternative} 7. a3 Be7 $5 {which looks quite
viable for Black.})) 6. a3 Bxc3+ 7. Nxc3 cxd4 8. exd4 dxc4 9. Bxc4 Nc6 10. Be3
{[%csl Rd4,Re3][%cal Gc6d4,Ye3g5,Yg5d8] So what compensation can Black claim
for the bishop pair here when we compare this position to 'standard IQPs'?
Well, the first thing is that the attack on d4 all but obliges this rather
passive bishop move - of course the bishop would rather be on g5, but needs
must. Moreover, Black has aspirations to create a more than usually effective
light square blockade (or more!). However, whilst Bg5 has been prevented for
the moment, it remains a possibility to be reckoned with, as does the
development of the white queen to f3 and from there to g3/h3, enabled
strangely enough by the knight 'missing' from f3.} O-O 11. O-O b6 ({The
natural development, although in a previous annotation I gave cautious praise
to radically preventing the pinning of the f6 knight by} 11... h6 $5 {[%csl
Gg5] and as I write I have just observed that this was Vekshenkov's own choice
in a game played just three days later! It has the virtue that White lacks the
automatic and apparently quite effective plan of the game, and the e3 bishop
needs to show more ingenuity in finding a role.} 12. Rc1 $5 (12. Ba2 Ne7 13.
Qf3 Nfd5 14. Rac1 b6 15. Bb1 Bb7 16. Qg3 Kh8 17. Qh3 Ng8 18. Rfe1 Qd7 19. Bd2
Rac8 20. Re5 f5 21. Rce1 Nxc3 22. Bxc3 (22. bxc3 $5) 22... Bd5 23. Qd3 Rf6 24.
f3 Ne7 {1/2-1/2 Avrukh,B-Hulak,K/Pula 2000/CBM 77_02 (63) and black seems to
have sufficient defensive resources.}) (12. Bd3 {Targetting the king-side, and
perhaps accepting that competing for d5 is not likely to bear fruit} Ne7 (12...
Bd7 13. Re1 Ne7 14. Qf3 Ned5 15. Nxd5 Nxd5 16. Qe4 $1 f5 17. Qe5 $14) 13. Bf4
Ned5 14. Nxd5 Nxd5 15. Be5 Bd7 16. Re1 Bc6 17. Bc2 Rc8 18. Qd3 f5 19. Bb3 Qg5
20. f3 a6 21. Bc4 Kh7 {0-1 Xu Jun-Cvitan,O/Bled 2002/EXT 2003 (38) looks
reasonably healthy for Black.}) (12. Re1 Ne7 13. Bf4 Ng6 14. Be5 Bd7 15. Qf3
Nxe5 16. dxe5 Bc6 17. Qe2 Nd7 18. Bb5 Rc8 19. Rad1 Qe7 20. Rd6 Bxb5 21. Qxb5
Nb6 22. g3 Rc7 23. Red1 Rfc8 24. R1d4 $14 {1/2-1/2 Milov,V-Hulak,K/Antalya
2004/CBM 101_01 (61) and White enjoys a certain spatial plus, which after
Black forced the issue with 24...Rc4 led to an ending which might be drawn but
was certainly no picnic for the defender. However, I am still not sure what
White will easily achieve if Black is patient and sits tight.}) 12... Ne7 (
12... Bd7 13. Qf3 $5) 13. Qf3 Ned5 14. Qg3 $5 Kh8 (14... Nxe3 $5 15. fxe3 Bd7
$14) 15. Nxd5 exd5 16. Bd3 Bd7 17. Qd6 Bc6 18. Qxd8 Rfxd8 19. f3 $14 {/+/- 1-0
Onischuk,A-Vekshenkov,N/Sochi 2004/CBM 101_01 (57) The bishop pair is quite an
asset here, in spite of the symmetrical centre, not least as the knight is
easily restricted.}) 12. Qf3 $1 Bb7 13. Bd3 $1 (13. Qg3 Ne7 14. Bd3 Ng6 15.
Rad1 Qb8 $1 16. f4 $6 Nd5 17. Nxd5 Bxd5 18. Rc1 f5 $1 19. h4 Qb7 20. Rc3 Ne7
$17 {[%csl Gb7,Gd5,Re3] 0-1 Wells,P-Chernin,A/Odorheiu Secuiesc 1993/Inf 58 
(38) and black stands very well on the light squares, while white's dark
squared bishop is rather a liability too.}) 13... Qd7 ({To see the classic
unfolding of White's strategy we could do a lot worse than to check out Gary
Kasparov's handling of the alternative} 13... Rc8 14. Rad1 Rc7 15. Qh3 Ne7 16.
Bg5 $1 Ng6 17. Qg3 Rd7 18. d5 $1 {an excellent breakthrough, which shows the
danger black faces until the d5 blockade is fully secure.} exd5 19. Bf5 Re7 20.
h4 $1 Qc7 21. Qxc7 Rxc7 22. Rfe1 Re7 23. Nb5 $44 {1-0 Kasparov,G-Psakhis,L/La
Manga (m/6) 1990 (36)}) 14. Qh3 Ne7 15. Bg5 $1 {The doubling of Black's
f-pawns which this prepares seems to carry venom on two grounds: 1) White has
chances to push in the centre with d4-d5 rendering the f-pawns and the f5
square much more problematic. 2) A further exchange of bishop for knight may
leave Black with surprising difficulties covering his dark-square weaknesses
on the king-side. The game is a good illustration of this latter point!} ({
I am less impressed by} 15. Rad1 Ng6 16. f4 Nd5 17. f5 exf5 18. Bxf5 Qe7 $5 {
[%cal Ge7h4]} 19. Bd2 Qh4 20. Nxd5 Bxd5 21. Bxg6 Qxh3 22. Bxf7+ Rxf7 23. gxh3
Re8 24. Rxf7 Kxf7 25. Kf2 Rc8 26. Rc1 {1/2-1/2 Sherbakov,R-Novkovic,M/It,
Presov SVK 2000 (26)}) 15... Ng6 16. Bxf6 gxf6 17. Rad1 (17. d5 $5 {still
looks interesting, but after a break of more than 20 years, someone was
finally persuaded to give it a try, and Black did indeed strengthen his
defence to some degree:} Rad8 $5 (17... Bxd5 18. Rad1 Rad8 19. Be4 Qb7 20. Qf3
Kg7 (20... Ne7 $5 $14 21. Rd4 $36) 21. Bxd5 exd5 22. Nxd5 Rd6 23. Rd4 Rfd8 24.
Rfd1 $16 {1-0 Vaganian,R-Petrosian,A/Telavi 1982/MCD (37)}) 18. Ne4 Kg7 19. Ng3
exd5 {ugly, but not so bad} 20. Nf5+ Kh8 21. Qh6 Rg8 22. Rfe1 Rde8 23. h4 (23.
Rxe8 Qxe8 24. Nd6 Qd7 25. Nxb7 Qxb7 26. h4 Qc7 $1 {[%cal Gc7f4]}) 23... Re6 24.
Nd4 Qe7 25. Nxe6 fxe6 {1/2-1/2 Peralta,F-Ricardi,P/Buenos Aires 2003/EXT 2004 
(25)}) 17... Rad8 18. Rfe1 Qc7 $2 {[%csl Re6,Rg8,Rh6][%mdl 8192]} (18... Kg7 $1
{is much tougher} {when} 19. d5 $5 {is interesting} ({while} 19. Be4 {is solid
and also probably worth an edge.})) 19. Bxg6 $1 hxg6 20. Qh6 $1 {[%csl Rg8]
[%cal Ye1e3,Ye3h3]} Qc6 21. Ne4 Qxe4 22. Rxe4 Bxe4 23. Qf4 f5 24. Qc7 $1 {
As so often, the battle between queen and pieces is determined by the ability
of the queen to maintain either the initiative or better still an attack on
the king. Here Black is easily driven into passivity.} Ra8 25. Rc1 $18 Rfd8 26.
f3 Bd5 27. h4 Ba2 28. Qb7 Rdb8 29. Qe7 Re8 30. Qg5 Rac8 31. Kh2 Rxc1 32. Qxc1
Re7 33. Qc6 f6 34. g4 fxg4 35. fxg4 Bd5 36. Qd6 Rf7 37. Kg3 Kh7 38. Kf4 Kh6 39.
Qb8 g5+ 40. hxg5+ fxg5+ 41. Ke5 Kh7 42. Qe8 Rg7 43. b4 Rg6 44. Qf7+ Kh6 45.
Qxa7 Bf3 46. Qb8 Kh7 47. Qc7+ Rg7 48. Qc2+ Rg6 49. Qh2+ Rh6 50. Qg3 Be2 51. Qg2
Bd1 52. b5 Rh4 53. Kf6 Rh6+ 54. Kf7 1-0

[Event "MK Cafe Cup-A"]
[Site "Koszalin"]
[Date "1999.08.07"]
[Round "5"]
[White "Shcherbakov, Ruslan"]
[Black "Stohl, Igor"]
[Result "1-0"]
[WhiteElo "2540"]
[BlackElo "2600"]
[Annotator "Wells,P"]
[PlyCount "81"]
[EventDate "1999.08.03"]
[EventType "swiss"]
[EventRounds "9"]
[EventCountry "POL"]
[SourceTitle "CBM 073"]
[Source "ChessBase"]
[SourceDate "1999.12.01"]
[SourceVersion "1"]
[SourceVersionDate "1999.12.01"]
[SourceQuality "1"]

1. d4 {Kortschnoj} Nf6 2. c4 e6 3. Nc3 Bb4 4. e3 c5 5. Nge2 cxd4 6. exd4 O-O 7.
c5 $5 $146 {[%mdl 8] This is in fact the second outing for Ruslan Sherbakov's
very interesting and original idea but the first in which the play developed
independent significance. The idea makes initially a strange impression ( I
have to confess that when I first saw it I thought it was a misprint ) since
black appears well placed to attack white's advanced centre pawns. In fact, in
all cases the bishop pair seems to provide reasonable compensation, although I
still suspect that the truth will lie in the note to black's 9th move where
black can exhange queens, and seek counterplay against the extended pawn on c5,
using his temporarily better development. Kortschnoj: 'A very interesting
novelty,in order to avoid the line'} ({In my opinion, black is quite
comfortable in the main line at the moment after} 7. a3 Be7 8. d5 exd5 9. cxd5
Bc5 $5 $132) 7... d6 {Looks critical. Kortschnoj: 'The other possibility,worth
trying, is'} (7... d5 {transposes to the line 6...d5 7 c5 where castling is
not black's most active choice. White was better after} 8. a3 Bxc3+ 9. Nxc3 a5
10. Bf4 Bd7 11. Bd3 a4 12. O-O Bc6 13. Bd6 Re8 14. Nb5 (14. Re1 $5) 14... Na6
15. Bf4 b6 16. Nd6 Rf8 17. Bxa6 $5 (17. Qe2 $14) 17... Rxa6 18. Bg5 {[%cal
Yg5d8]} bxc5 19. dxc5 h6 20. Bh4 g5 21. Bg3 Ne4 22. Nxe4 dxe4 23. Bd6 {[%csl
Ra6,Gd6,Rf6,Rg7,Rh6] 1-0 Sherbakov,R-Ivanov,T/Moscow 1999/CBM 70 (38). White's
bishop on d6 exerts a very cramping effect, and the opposite coloured bishops
merely help in building an attack on black's weakened king-side.}) (7... Ne4 {
Kortschnoj}) 8. a3 Bxc3+ 9. Nxc3 Qe7 {I see two potential areas of improvement
for black, either of which seem to offer a playable position. The first is
here, and the second at move 12. Kortschnoj: 'It would be interesting to check
how big is white`s advantage in the endgame, arising after'} (9... dxc5 $5 {
needs to be examined.} 10. dxc5 Qxd1+ 11. Nxd1 (11. Kxd1 Rd8+ 12. Kc2 Nc6 13.
Be3 e5 {Kortschnoj: ': white has long-lasting pluses - two bishops and pawn
superiority on the queen side, but black at the moment enjoys a lead in
development.'} 14. Bd3 Be6 $5 $132 {[%csl Rc2][%cal Gc6d4] white's king is not
entirely comfortable, and after a coming exchange on d4, white's c5 pawn may
also not be so easy to cover.} (14... b6 15. cxb6 Nd4+ 16. Bxd4 exd4 17. Ne4))
11... a5 $5 {[%csl Rc5]} (11... Nbd7 12. b4 a5 13. Bb2 $14 {at least, since
the bishop pair is looking good, and c5 can easily turn into a space-gaining
asset.}) (11... e5 $5 12. b4 Nc6 13. Bc4 Nd4 14. O-O b5 $5 $132) (11... Nc6 {
Kortschnoj} 12. b4 b6) 12. Nc3 $5 (12. Bd2 Nc6 $5 {[%cal Yc6d4]} (12... Nbd7
13. Rc1)) 12... Bd7 $5 {[%cal Yd7c6,Yb8d7,Yb8a6]} (12... Nbd7 13. Na4 $14) (
12... Na6 13. b4 $1 (13. Be3 Ng4) 13... Nd5 14. Nxd5 exd5 15. Be3 $14) 13. Be3
Bc6 $5 $132 {[%csl Yc6][%cal Gb8d7]} (13... Na6 14. Rd1 Bc6 15. Bxa6 Rxa6 16.
O-O Nd5 {also looks playable for black.})) 10. Bg5 dxc5 11. Ne4 Nbd7 {
Kortschnoj: 'What happens after a coldblooded 11...cxd4'} (11... cxd4 $6 12.
Nxf6+ gxf6 13. Bh6 e5 14. Qf3 $1 $16 (14. Qd3 {Kortschnoj} Kh8 15. Bxf8 Qxf8
16. g4 $1 {White has initiative on the king side.}) (14. Bxf8 Qxf8 15. Qh5))
12. dxc5 Rd8 $6 {Black was no doubt concerned to prevent a queen invasion, and
can be forgiven for underestimating the force of white's coming piece
sacrifice. With the benefit of hindsight, he should certainly have tried
Kortschnoj: 'More solid would be an immediate '} (12... h6 $1 13. Bxf6 (13. Bh4
$2 g5 14. Nxf6+ Qxf6 $15) (13. Nxf6+ Nxf6 14. Bh4 Qxc5 15. Bxf6 gxf6 16. Qd2
Kg7 $15) 13... Nxf6 14. Qd6 Qxd6 15. Nxd6 {Kortschnoj: 'white had an edge.'} (
15. Nxf6+ gxf6 16. cxd6 Bd7 $1 17. Be2 (17. Rc1 Rfd8) 17... Rfd8 {and d6 looks
vulnerable rather than threatening.}) 15... Rd8 16. Rd1 (16. O-O-O b6 $1) 16...
b6 17. cxb6 (17. b4 bxc5 18. bxc5 Rb8 $132) (17. Nxc8 Rxd1+ 18. Kxd1 Rxc8 19.
cxb6 Ng4 (19... Rd8+)) 17... axb6 18. Be2 Kf8 $11) 13. Qf3 $1 h6 14. Bh4 g5 {
Horrible, in view of white's reply, but the black position is already very
seriously tied up.} (14... e5 15. Bb5 g5 16. Nxg5 hxg5 17. Bxg5) 15. Nxg5 $1 {
[%mdl 512]} hxg5 (15... Qxc5 {Kortschnoj} 16. Ne4 Nxe4 (16... Qa5+ 17. Qc3
Qxc3+ 18. Nxc3 $16) (16... Qe5 17. Be2 $16) 17. Bxd8 Qe5 18. Be2) 16. Bxg5 {
[%csl Rd7][%cal Rd7f6,Gf1b5,Gb5d7,Ga1d1,Gd1d7,Yg5d8]} Qxc5 {Less in the
expectation of sufficient play for the pawn, as in the hope of being able to
move some pieces again! Kortschnoj: 'More or less forced. After'} (16... Kg7
17. Rd1 (17. Qg3 $5) (17. Qg3 {Kortschnoj follows, with a threat Bxf6 Kxf6
Qh4+, winning the queen and after 17...Kf8 - 18.Qh4 with an irresistable
attack.}) 17... Rg8 18. Qg3 Qd8 19. Rd4 $40) 17. Bxf6 Nxf6 18. Qxf6 Rd5 {
'!' Kortschnoj. Kortschnoj: 'Black has some compensation for a pawn.'} 19. Be2
Qc2 20. Rd1 {Kortschnoj: 'White could play'} (20. Qc3 {Kortschnoj} Qxc3+ 21.
bxc3 Rc5 22. O-O-O $1 $36) 20... Bd7 $1 (20... Rxd1+ 21. Bxd1 Qe4+ 22. Kd2 (22.
Kf1 Qd3+) 22... Qxg2 23. Re1 $18 {[%cal Ge1e5,Ge5g5,Yd2c1]}) 21. Qc3 {'!'
Kortschnoj. Kortschnoj: 'The only move!'} Rxd1+ 22. Bxd1 Qe4+ (22... Qxc3+ 23.
bxc3 Rc8 24. Kd2 Bc6 $16 {[%csl Ra3,Rc3,Yh2][%cal Yh2h8]} (24... Rc5 $16 {
Kortschnoj})) 23. Qe3 Qxg2 24. Bf3 Qg7 25. Bxb7 {'+-' Kortschnoj.} Rd8 {
'!' Kortschnoj.} (25... Rb8 26. Qxa7 (26. f4 $1 {Kortschnoj} Kh7 (26... Qh8 {
the best} 27. Rg1+ Kf8 28. Qxa7 $18) 27. Rg1 Qh6 28. Be4+ Kh8 (28... f5 29.
Bxf5+ exf5 30. Qe7+ $18) 29. Qd4+ $18) 26... Qe5+ $132) 26. Be4 {'?'
Kortschnoj.} (26. f4 $18 {Kortschnoj}) 26... Ba4 27. Qg3 {'!' Kortschnoj.
Kortschnoj: 'The only move!+/-'} f5 28. Bf3 Qxg3 {Kortschnoj: '28...a5 was the
most stubborn.'} 29. hxg3 Rb8 $6 {Given the coming defence along the 4th rank,
this merely seems to 'deactivate' black's rook.} (29... a5 $5 {Looks like the
last chance to hold up white's queenside.} 30. Rh4 (30. b4 Rd3 $1 31. Bb7 Rxa3
32. bxa5 Bb3) 30... Bb3 $14) 30. b4 a5 31. Rh4 $1 {[%cal Gh4b4] The rest
presents no technical problems.} axb4 32. Rxb4 {'+-' Kortschnoj.} Rxb4 33. axb4
Kf7 34. Bd1 Bd7 35. Kd2 e5 36. Kc3 Ke7 37. Kc4 Kd6 38. b5 Be6+ 39. Kb4 f4 40.
gxf4 exf4 41. Bf3 1-0

[Event "Olympiad-34"]
[Site "Istanbul"]
[Date "2000.11.05"]
[Round "8.3"]
[White "Avrukh, Boris"]
[Black "Sax, Gyula"]
[Result "1-0"]
[WhiteElo "2625"]
[BlackElo "2563"]
[Annotator "Wells,P"]
[PlyCount "85"]
[EventDate "2000.10.28"]
[EventType "team-swiss"]
[EventRounds "14"]
[EventCountry "TUR"]
[SourceTitle "EXT 2001"]
[Source "ChessBase"]
[SourceDate "2000.11.22"]
[SourceVersion "1"]
[SourceVersionDate "2000.11.22"]
[SourceQuality "1"]
[WhiteTeam "Israel"]
[BlackTeam "Hungary"]
[WhiteTeamCountry "ISR"]
[BlackTeamCountry "HUN"]

1. d4 Nf6 2. c4 e6 3. Nc3 Bb4 4. e3 b6 5. Nge2 c5 6. a3 Ba5 7. Rb1 Na6 8. f3 $5
O-O (8... Bb7 9. e4 O-O 10. d5 exd5 11. cxd5 Re8 12. g3 $6 (12. Kf2 $5 {
is almost certainly more promising eg.} c4 13. Ng3 b5 14. Nf5 $14) 12... b5 13.
Bg2 b4 14. axb4 Nxb4 15. O-O Ba6 16. g4 d6 17. Bg5 Bd3 18. Ra1 Bb6 19. Kh1 c4 {
[%csl Yb4,Yb6,Yd3]} 20. Qd2 {1/2-1/2 Shulman,Y-Nisipeanu,L/Erevan 1996/EXT 97 
(20)}) 9. d5 d6 {It is clear that black's counterchances in this variation
rest with the move ...b5. Quite how to introduce that is still a matter of
contention - the main alternative, which to my mind looks well worth further
exploration was} (9... exd5 $5 10. cxd5 b5 11. e4 (11. Kf2 $6 b4 12. Nb5 d6 13.
axb4 Nxb4 14. Nec3 Bb6 15. Bc4 Nd7 $1 16. Ne4 (16. Nxd6 $6 Ne5 17. Nxc8 Rxc8
18. Be2 c4 $44 {[%csl Gd3][%cal Gb4d3,Gd8f6,Gf8e8] looks dangerous for the
white king.}) 16... Ne5 17. b3 f5 18. Nexd6 a6 19. Nxc8 axb5 20. Nxb6 Qxb6 21.
Be2 Rfd8 {and black enjoyed tremendous activity with all of his pieces
promising placed in 0-1 Aleksandrov,A-Milos,G/FIDE World Cup Gp A, Shenyang
CHN 2000 (41)}) 11... Re8 $1 (11... b4 12. axb4 cxb4 (12... Nxb4 13. Ng3 Re8
14. Be2 $14) 13. Nb5 Qb6 14. Nbd4 b3+ 15. Kf2 (15. Bd2 $5) 15... Nc5 16. Ng3
Bb7 17. Be3 Bxd5 18. Rc1 $1 {[%csl Rc5] If black fails to create sufficient
'mess' in this line, his pieces can easily be caught in a state of serious
disorganisation. Here white enjoys excellent control of f5 and d6, and even
the capture of the d5 pawn does not compensate black these weaknesses.} (18.
exd5 Nxd5 $44 {[%csl Rf2][%cal Gb6f2,Gf8e8]}) 18... Bxe4 19. Rxc5 Qxc5 20. Nxb3
Qc7 21. Nxa5 Bc2 22. Qd2 {1-0 Aleksandrov,A-Sambuev,B/St. Petersburg 1998/CBM
67 ext (37)}) 12. Ng3 ({Perhaps} 12. Kf2 {although this is not without dangers
eg} b4 13. Nb5 $1 Qb6 14. Ng3 {the position is obscure and very interesting}
c4+ 15. Nd4 bxa3 16. Bxc4 $13) 12... b4 13. axb4 cxb4 14. Nb5 b3+ 15. Kf2 $2 (
15. Bd2 $1 Nxd5 {This, perhaps needless to say, is the extra dimension to 9...
Re8.} 16. Bc4 $1 (16. Nd6 $6 Re6 $15) 16... Bxd2+ $1 17. Qxd2 Nb6 18. Bxb3 Nc5
19. Ba2 d5 20. O-O {might give white an edge, although the position is far
from clarified - Wells.}) 15... Bb6+ 16. Be3 Bxe3+ 17. Kxe3 {There are limits
to the liberties which white should take with his king - this stretches them
rather!} Nb4 18. Bc4 Qb6+ 19. Ke2 Ba6 20. Qxb3 Nfxd5 $19 {[%csl Re2] 0-1 Oms
Pallise,J-Del Rio Angelis,S/Santa Clara 1999/CBM 70 ext (20)}) (9... Re8 $6 10.
Kf2 $1 {now this effectively circumvents ...b5.} exd5 11. cxd5 d6 12. Ng3 Bxc3
13. bxc3 Nc7 14. c4 b5 15. e4 bxc4 16. Bxc4 Nd7 17. Be2 $16 {1-0 Aleksandrov,
A-Serper,G/New York 1998/CBM 64/(59).}) 10. e4 exd5 11. cxd5 b5 $146 {Formally
a novelty, although as the notes above make clear this is already becoming
well-known as the way to create play in similar positions} (11... Nh5 12. g4
Qh4+ 13. Kd2 Nf6 14. Qe1 Qxe1+ 15. Kxe1 Nd7 16. Kf2 Ne5 17. Nb5 Rd8 18. Ng3 $14
{[%csl Ra5,Yb5,Yg3][%cal Yg3f5] 1/2-1/2 Aleksandrov,A-Romanishin,O/Nikolaev zt
1995/CBM 47 (83) The manouevre with Kd2 and Qe1 to reach a favourable ending
is very reminiscent of some such lines arising from the once fashionable 4f3
Nimzo. White's knights have taken up very annoying postings, and the pawn
structure on the king-side gives white a lot of space.}) 12. Ng3 b4 {Looks
consistent, but in a couple of moves black's positional deficiencies already
look more significant than such initiative as he can claim. Two alternatives
have been seen in recent practice, which deserve consideration:} (12... c4 $5 {
Known from the Benoni, structurally, this carries great risks for black, but
counterplay on the dark squares there might well be.} 13. Be3 Bd7 14. Qd2 Qc7
$2 (14... Nc5 $1 15. Be2 Bb6 $132 {[%csl Re1][%cal Gc5b3]}) 15. Bd4 Qd8 16. Qf2
(16. Be2 $1 $14) 16... Re8 17. Be2 b4 18. axb4 Nxb4 $13 {0-1 Zayac,E-Saunina,L/
Elista 2000 (66)}) (12... Rb8 $5 {Still eyeing ...b4, but paying due tribute
to the strength of white's knight on b5.} 13. Bd2 b4 14. axb4 cxb4 15. Na4 $5 (
15. Nb5 {now carries new risks} Nxd5 $5 (15... Bb6 $5 $13) 16. Ra1 (16. exd5
Re8+ {[%csl Rb5]}) 16... Ne7 17. Nxa7 Nc5 18. Nxc8 Rxc8 $132) 15... b3 16. Bc4
Nb4 $1 (16... Bxd2+ 17. Qxd2 Qd7 18. Nc3 $14) 17. O-O Bd7 18. Nc3 (18. Bxb3 Bb5
19. Re1 Nd3 20. Re3 Bxa4 $15) 18... Qb6+ $6 (18... Nc2 $5 $132) 19. Kh1 Rfc8
20. Qe2 Na2 21. Nxa2 bxa2 22. Bxa5 Qxa5 23. Ra1 Qb4 24. b3 $16 {1/2-1/2 Avrukh,
B-Romanishin,O/Istanbul 2000/EXT 2001 (93)}) 13. axb4 cxb4 14. Nb5 b3+ (14...
Bb6 $5 {[%csl Re1][%cal Gb6g1]} 15. Bf4 $14) 15. Bd2 Bxd2+ 16. Qxd2 Qb6 17. Ra1
Re8 18. Be2 Rb8 19. Qd4 Nc5 20. Nc3 Bd7 21. O-O $14 {With white consolidated,
his long-term prospects look good. Both black's queen-side pawns and his
d-pawn are potentially weak, and white still has the standard Benoni e5 break
to look forward to, while his c3 knight is stable. There are many grounds on
which black could regret the exchange of dark-squared bishops.} a5 22. Rfd1 Qc7
23. Nf1 $1 Rb4 24. Qf2 Qb6 25. Nd2 Qc7 26. Nc4 {[%cal Ga5a4,Yc4a5,Yc4a3,Yc4d6]}
a4 27. Rd4 {[%cal Yc4d6,Yd6e8]} Rbb8 28. Rc1 $1 Nb7 29. f4 {[%cal Ye4e5]} Na5
30. Ra1 Nxc4 31. Rxc4 Qd8 32. Qd4 Qb6 33. Bd3 Qxd4+ 34. Rxd4 Ra8 35. Ra3 Ra5
36. Rb4 $16 Rc8 37. Rbxb3 Nh5 38. g3 f5 39. Rb7 fxe4 40. Nxe4 Bg4 41. Nxd6 Rd8
42. Nf5 Kf8 43. Ne3 1-0